00225nam a2200109Ia 4500100001500000650001500015366000700030245002300037260002500060082001800085546001200103 aLAL/ JAIN  aPRODUCTION f20 aFoundry Technology bCBSaNew Delhic2007 a671.2/LAL/JAI aENGLISH